000 01225nam a2200337 a 4500
001 000111340
003 CHAP
005 20220329144207.0
008 150327s2015 mx a fsm |||||||spa d
010 _a107802
011 _a108774
040 _cCHAP
090 _aTesis
100 1 _aEsguerra Hormiga, Guillermo Andrey
_9129214
245 1 0 _aAnálisis y predicción del cambio de uso de suelo en el estado de Puebla, México
_h[En línea]
_cpor Guilermo Andrey Esguerra Hormiga.
260 _aChapingo, Méx. :
_bEl autor,
_c2015.
500 _aPara ver el contenido del material haga clic en la liga
502 _aTesis (M. C. en Ciencias Forestales) -- UACH. División de Ciencias Forestales
590 _aE11695DGD
_b10
_c20150414
_lUCH01
_h0925
590 _aE6096MTM
_b05
_c20150327
_lUCH01
_h0934
590 _aE6096MTM
_b05
_c20150327
_lUCH01
_h0937
590 _aE6096MTM
_b05
_c20150330
_lUCH01
_h1133
650 1 4 _aEcología vegetal.
_935188
650 1 4 _aSuelos
_xEcología.
_9110343
650 1 4 _aSuelos
_xPuebla.
_9110466
650 1 4 _aTierras
_xUtilización
_xPuebla.
_9113251
856 _aFinding aid
_uhttp://10.13.5.2/tesis/sist111340.pdf
_zTeclea aquí
901 _aBK
942 _cTESIS
942 _n0
999 _c107802
_d107802